书目信息 |
| 题名: |
电影艺术概论
|
|
| 作者: | 张蓉 , 马西平 主编 | |
| 分册: | ||
| 出版信息: | 西安 西安交通大学出版社 2000.10 |
|
| 页数: | 177页 | |
| 开本: | 26cm | |
| 丛书名: | ||
| 单 册: | ||
| 中图分类: | J90 | |
| 科图分类: | ||
| 主题词: | 电影 , 电视--艺术 | |
| 电子资源: | ||
| ISBN: | 7-5605-1286-0 | |
| 000 | 00612nam0 2200217 45 | |
| 001 | 0436777051 | |
| 005 | 2004042810125591 | |
| 010 | @a7-5605-1286-0@dCNY 16.00 | |
| 100 | @a20040428d2000 km y0chiy0120 ea | |
| 101 | 0 | @achi |
| 102 | @aCN@b610000 | |
| 200 | 1 | @a电影艺术概论@ADian Ying Yi Shu Gai Lun@f张蓉,马西平主编@FZhang Rong,Ma Xi Ping Zhu Bian |
| 210 | @a西安@c西安交通大学出版社@d2000.10 | |
| 215 | @a177页@d26cm | |
| 606 | 0 | @a电影 |
| 606 | 0 | @a电视@x艺术 |
| 690 | @aJ90@v3 | |
| 701 | 0 | @a张蓉@AZhang Rong@4主编 |
| 701 | 0 | @a马西平@AMa Xi Ping@4主编 |
| 801 | 0 | @aCN@bPFT@c20040428 |
| 905 | @dJ90@eZ152 | |
| 电影艺术概论/张蓉,马西平主编.-西安:西安交通大学出版社,2000.10 |
| 177页;26cm |
| ISBN 7-5605-1286-0:CNY 16.00 |
| ● |
| 相关链接 |
|
|
|
正题名:电影艺术概论
索取号:J90/Z152
 
预约/预借
| 序号 | 登录号 | 条形码 | 馆藏地/架位号 | 状态 | 备注 |
| 1 | 382429 | 203824291 | 社科库309/309社科库 96排4列1层/ [索取号:J90/Z152] | 在馆 | |
| 2 | 382430 | 203824308 | 社科库309/309社科库 96排4列1层/ [索取号:J90/Z152] | 在馆 | |
| 3 | 382431 | 203824317 | 社科库309/309社科库 96排4列1层/ [索取号:J90/Z152] | 在馆 |